[Event "2BLS 2122 SV 1947 Walldorf - SC Böblin"]
[Site "?"]
[Date "2022.06.18"]
[Round "7.6"]
[White "Tompa, Janos"]
[Black "Mueller, Ralf"]
[Result "1/2-1/2"]
[WhiteElo "2323"]
[BlackElo "2352"]
[PlyCount "80"]
[EventDate "2022.??.??"]

1. e4 e5 2. Nf3 Nc6 3. Be2 Nf6 4. d3 d6 5. O-O h6 6. Nbd2 Be6 7. c3 g5 8. d4 g4
9. d5 gxf3 10. Bxf3 Bd7 11. dxc6 Bxc6 12. Re1 h5 13. Nf1 Bh6 14. Bxh6 Rxh6 15.
Ng3 Rh7 16. Qd2 Nd7 17. Nf5 Qf6 18. b4 O-O-O 19. c4 Nf8 20. Qe3 Kb8 21. c5 dxc5
22. Qxc5 Ne6 23. Qc3 Rhh8 24. h4 Rhg8 25. Rac1 Nd4 26. Nxd4 exd4 27. Qd3 Bb5
28. e5 Qa6 29. Qd2 Bc4 30. Re4 Qxa2 31. Qxa2 Bxa2 32. Bxh5 Bd5 33. Rxd4 Rxg2+
34. Kf1 Rh2 35. Ke1 Kc8 36. Bg4+ Be6 37. Bxe6+ fxe6 38. Rxd8+ Kxd8 39. Rd1+ Ke7
40. Rd4 Rh3 1/2-1/2

[Event "2BLS 2122 SV 1947 Walldorf - SC Böblin"]
[Site "?"]
[Date "2022.06.18"]
[Round "7.7"]
[White "Tran, Thanh Kien"]
[Black "Fichter, Fabian"]
[Result "1/2-1/2"]
[WhiteElo "2136"]
[BlackElo "2248"]
[PlyCount "33"]
[EventDate "2022.??.??"]

1. d4 d5 2. c4 c6 3. cxd5 cxd5 4. Bg5 Nc6 5. Nc3 Nf6 6. Bxf6 gxf6 7. e3 a6 8.
f4 h5 9. Nf3 Bg4 10. Be2 e6 11. O-O h4 12. Rc1 Rc8 13. Qb3 Na5 14. Qa4+ Nc6 15.
Qb3 Na5 16. Qa4+ Nc6 17. Qb3 1/2-1/2

[Event "2BLS 2122 SV 1947 Walldorf - SC Böblin"]
[Site "?"]
[Date "2022.06.18"]
[Round "7.8"]
[White "Hauser, Carlos"]
[Black "Born, Mario"]
[Result "1-0"]
[WhiteElo "2249"]
[BlackElo "2217"]
[PlyCount "57"]
[EventDate "2022.??.??"]

1. d4 d5 2. c4 c6 3. Nf3 Nf6 4. Nc3 g6 5. cxd5 Nxd5 6. e4 Nxc3 7. bxc3 Bg7 8.
Be2 O-O 9. O-O c5 10. Be3 cxd4 11. cxd4 Bg4 12. Rc1 Nc6 13. d5 Bxf3 14. gxf3
Na5 15. Qd2 b6 16. Ba6 Qd7 17. Bf4 Qh3 18. Qe3 e5 19. dxe6 Qxe6 20. Rc7 Rfd8
21. e5 Rd5 22. Rfc1 h5 23. Bc8 Rxc8 24. Rxc8+ Kh7 25. R8c7 a6 26. Kg2 b5 27.
Qa7 Kg8 28. Rc8+ Kh7 29. R1c7 1-0

[Event "2BLS 2122 Stuttgarter SF - SC Ötigheim"]
[Site "?"]
[Date "2022.06.18"]
[Round "7.1"]
[White "Georgiev, Kiril"]
[Black "Schitco, Ivan"]
[Result "0-1"]
[WhiteElo "2534"]
[BlackElo "2472"]
[PlyCount "54"]
[EventDate "2022.??.??"]

1. e4 e5 2. Nf3 Nc6 3. Bb5 Nf6 4. d3 Bc5 5. Bxc6 dxc6 6. Nbd2 Be6 7. O-O Bd6 8.
Nb3 Qe7 9. Na5 O-O-O 10. Bg5 h6 11. Bh4 g5 12. Bg3 Nd7 13. d4 Bb4 14. Nb3 Bc4
15. a3 Bxf1 16. axb4 Ba6 17. Qe1 f6 18. dxe5 Rhe8 19. h3 fxe5 20. Qe3 Qxb4 21.
Qxa7 Qb6 22. Qa8+ Nb8 23. Bxe5 c5 24. Bc3 Rxe4 25. Ra5 Rd1+ 26. Kh2 Qd6+ 27. g3
Rf1 0-1

[Event "2BLS 2122 Stuttgarter SF - SC Ötigheim"]
[Site "?"]
[Date "2022.06.18"]
[Round "7.2"]
[White "Macovei, Andrei"]
[Black "Van den Doel, Erik"]
[Result "1/2-1/2"]
[WhiteElo "2470"]
[BlackElo "2587"]
[PlyCount "159"]
[EventDate "2022.??.??"]

1. e4 e5 2. Nf3 Nc6 3. Bc4 Nf6 4. d3 Bc5 5. c3 O-O 6. O-O d6 7. h3 h6 8. Re1 a6
9. a4 Re8 10. Nbd2 Ba7 11. b4 Be6 12. Bxe6 Rxe6 13. Bb2 Ne7 14. Nf1 Ng6 15. c4
Nh7 16. Bc1 Nh4 17. Nxh4 Qxh4 18. Be3 Bxe3 19. Nxe3 Qd8 20. a5 Rg6 21. Rf1 Ng5
22. Kh2 Ne6 23. g3 c6 24. Qh5 Rg5 25. Qe2 Nd4 26. Qd1 Rg6 27. Ra2 Qe7 28. f4
exf4 29. Rxf4 Rf6 30. Raf2 Rxf4 31. Rxf4 Re8 32. Qa1 Qe5 33. Qf1 h5 34. Kg2 Re7
35. Rf2 g6 36. Qa1 f5 37. Rf4 Ne6 38. Qxe5 dxe5 39. Rf1 f4 40. Nc2 Rd7 41. Rd1
g5 42. Kf3 fxg3 43. Kxg3 Nf4 44. Ne1 Kf7 45. b5 cxb5 46. cxb5 Ne2+ 47. Kg2 Nc3
48. Rc1 Nxb5 49. Nf3 Kf6 50. Rc5 Rxd3 51. Nxe5 Rd2+ 52. Kf3 Nd6 53. Nd7+ Ke6
54. Nf8+ Ke7 55. Nh7 Rd3+ 56. Ke2 Rxh3 57. Nxg5 Ra3 58. Nf3 Ra4 59. Rxh5 Rxe4+
60. Kd3 Ra4 61. Nd4 Ra3+ 62. Kc2 Kd7 63. Rh7+ Kc8 64. Rh8+ Kc7 65. Rh7+ Kb8 66.
Rh8+ Nc8 67. Rh5 Re3 68. Kd2 Re8 69. Kd3 Nd6 70. Rh6 Nf7 71. Rh5 Ne5+ 72. Kc3
Rc8+ 73. Kb4 Rc4+ 74. Kb3 Rc5 75. Ka4 Rc4+ 76. Kb3 Rxd4 77. Rxe5 Kc7 78. Kc3
Rh4 79. Rg5 Kc6 80. Rg6+ 1/2-1/2

[Event "2BLS 2122 Stuttgarter SF - SC Ötigheim"]
[Site "?"]
[Date "2022.06.18"]
[Round "7.3"]
[White "Grigoriants, Sergey"]
[Black "Kvetny, Mark"]
[Result "1-0"]
[WhiteElo "2547"]
[BlackElo "2421"]
[PlyCount "57"]
[EventDate "2022.??.??"]

1. e4 e5 2. Nf3 d6 3. d4 exd4 4. Nxd4 Nf6 5. Nc3 Be7 6. Bf4 O-O 7. Qd2 d5 8.
O-O-O Bb4 9. exd5 Bxc3 10. Qxc3 Nxd5 11. Qg3 Nxf4 12. Qxf4 Qe7 13. Bd3 Re8 14.
Rhe1 Qxe1 15. Rxe1 Rxe1+ 16. Kd2 Re8 17. Qxc7 a6 18. Bc4 Nd7 19. f4 Rf8 20. g4
Nf6 21. g5 Ne8 22. Qe7 Bg4 23. f5 Rc8 24. Bb3 Rc7 25. Bxf7+ Rxf7 26. Qxe8+ Rf8
27. Qe4 Bh3 28. Qd5+ Kh8 29. Ne6 1-0

[Event "2BLS 2122 Stuttgarter SF - SC Ötigheim"]
[Site "?"]
[Date "2022.06.18"]
[Round "7.4"]
[White "Benkovic, Petar"]
[Black "Lai, Hing Ting"]
[Result "0-1"]
[WhiteElo "2361"]
[BlackElo "2467"]
[PlyCount "86"]
[EventDate "2022.??.??"]

1. Nf3 Nf6 2. c4 e6 3. b3 d5 4. Bb2 Bd6 5. g3 O-O 6. Bg2 Qe7 7. d4 b6 8. cxd5
exd5 9. Nc3 Re8 10. O-O a6 11. Rc1 Nbd7 12. Nh4 Qe6 13. e3 Bb7 14. Nf3 Ne4 15.
Qc2 Nxc3 16. Bxc3 a5 17. a4 Nf6 18. Rfd1 Ne4 19. Bb2 f6 20. Ne1 Qf7 21. Ra1 Bc8
22. Ba3 Bxa3 23. Rxa3 Bf5 24. Qc1 Rad8 25. Ra2 Re7 26. Rc2 h5 27. Rc6 h4 28.
Qb2 hxg3 29. hxg3 Ng5 30. Qe2 Ne6 31. Qf1 Bg4 32. Rdc1 Nxd4 33. Qd3 Ne2+ 34.
Kf1 Nxc1 35. Rxc1 c5 36. Qb5 Qe6 37. f3 Bf5 38. g4 Qxe3 39. Qxb6 Rde8 40. Qxc5
Qxc5 41. Rxc5 Rxe1+ 42. Kf2 R8e2+ 43. Kg3 Be6 0-1

[Event "2BLS 2122 Stuttgarter SF - SC Ötigheim"]
[Site "?"]
[Date "2022.06.18"]
[Round "7.5"]
[White "Ventzislav"]
[Black "Neyman, Igor"]
[Result "1/2-1/2"]
[WhiteElo "2418"]
[BlackElo "2344"]
[PlyCount "98"]
[EventDate "2022.??.??"]

1. e4 c5 2. Nf3 Nc6 3. d4 cxd4 4. Nxd4 e5 5. Nb5 d6 6. N1c3 a6 7. Na3 Be6 8.
Nc4 Nf6 9. Bg5 Rb8 10. a4 Nb4 11. Ne3 Be7 12. Bxf6 Bxf6 13. Ncd5 Nxd5 14. Nxd5
O-O 15. Bc4 Bg5 16. O-O Kh8 17. a5 Rc8 18. Qe2 f5 19. Nb6 Bxc4 20. Nxc4 Rc6 21.
Rad1 Qc7 22. b3 fxe4 23. Qxe4 Qe7 24. Rd3 Qe6 25. Qd5 Qxd5 26. Rxd5 Be7 27.
Rfd1 Rf6 28. Ne3 Kg8 29. R5d2 Re6 30. Nd5 Bg5 31. Re2 Rc5 32. f4 Bd8 33. f5 Re8
34. Ne3 Bxa5 35. Rxd6 Rd8 36. Red2 Rxd6 37. Rxd6 Bc3 38. Nd5 Bd4+ 39. Kf1 Rxc2
40. Rd8+ Kf7 41. Rd7+ Kf8 42. Nc7 Rf2+ 43. Ke1 Rxg2 44. Ne6+ Kg8 45. Rxb7 Be3
46. Kf1 Rf2+ 47. Ke1 Rg2 48. Kf1 Rf2+ 49. Ke1 Rg2 1/2-1/2

[Event "2BLS 2122 Stuttgarter SF - SC Ötigheim"]
[Site "?"]
[Date "2022.06.18"]
[Round "7.6"]
[White "Vyval, Volodymyr"]
[Black "Hopman, Pieter"]
[Result "1-0"]
[WhiteElo "2231"]
[BlackElo "2352"]
[PlyCount "67"]
[EventDate "2022.??.??"]

1. e4 d6 2. d4 Nf6 3. Nc3 e5 4. Nf3 Nbd7 5. h3 Be7 6. g4 a6 7. g5 Nh5 8. dxe5
dxe5 9. Nxe5 Nxe5 10. Qxh5 Bg4 11. hxg4 Nf3+ 12. Ke2 Nd4+ 13. Kd1 Nb3+ 14. Bd3
Nxa1 15. Nd5 c6 16. Nxe7 Qxe7 17. g6 fxg6 18. Qg5 Qe6 19. b3 h6 20. Qh4 Qe5 21.
Qh2 Qf6 22. Qf4 Qd4 23. e5 O-O-O 24. Qxd4 Rxd4 25. Rg1 Rf8 26. Ke2 Rxd3 27.
Kxd3 Rxf2 28. Be3 Rxc2 29. Rxa1 Rg2 30. e6 Kd8 31. Bc5 Rg3+ 32. Kc2 Rg2+ 33.
Kc3 Rg3+ 34. Kb2 1-0

[Event "2BLS 2122 Stuttgarter SF - SC Ötigheim"]
[Site "?"]
[Date "2022.06.18"]
[Round "7.7"]
[White "Kabos, Tobias"]
[Black "Strunski, Andreas"]
[Result "1-0"]
[WhiteElo "2355"]
[BlackElo "2331"]
[PlyCount "69"]
[EventDate "2022.??.??"]

1. e4 c5 2. c3 d5 3. exd5 Qxd5 4. Nf3 g6 5. Na3 Bg7 6. Bc4 Qd8 7. Qb3 e6 8. d4
cxd4 9. O-O Ne7 10. Nxd4 Nbc6 11. Ndb5 O-O 12. Rd1 Bd7 13. Bf4 Na5 14. Qb4 Nxc4
15. Qxc4 Nd5 16. Bg3 a6 17. Nd4 Rc8 18. Qe2 Qf6 19. Nac2 Ba4 20. Re1 Rfe8 21.
Nf3 Bb5 22. Qe4 Bc6 23. Be5 Qe7 24. Bxg7 Kxg7 25. Ncd4 Nf6 26. Qe2 Be4 27. Rad1
Rc5 28. Nd2 Bc6 29. Nxc6 Rxc6 30. Nf3 e5 31. Nxe5 Re6 32. f4 Nh5 33. Qf2 f6 34.
Nd3 Nxf4 35. Qxf4 1-0

[Event "2BLS 2122 Stuttgarter SF - SC Ötigheim"]
[Site "?"]
[Date "2022.06.18"]
[Round "7.8"]
[White "Beyer, Christian"]
[Black "Kuehn, Kolja"]
[Result "1-0"]
[WhiteElo "2292"]
[BlackElo "2131"]
[PlyCount "111"]
[EventDate "2022.??.??"]

1. d4 d5 2. Bf4 c5 3. e3 Nc6 4. Nc3 cxd4 5. exd4 Bf5 6. Nf3 Nf6 7. Bd3 Bxd3 8.
Qxd3 e6 9. h3 Bd6 10. Ne5 O-O 11. O-O a6 12. Rfe1 Qc7 13. Rad1 Rac8 14. a3 Ne7
15. Re2 Nd7 16. Rde1 Nxe5 17. Bxe5 Bxe5 18. Rxe5 Qc4 19. Rd1 Qxd3 20. Rxd3 Rc4
21. Re2 Rfc8 22. Kf1 Nf5 23. Red2 Kf8 24. Ke1 Nd6 25. Re2 Nf5 26. Red2 R4c6 27.
Re2 Nd6 28. a4 b5 29. Kd1 Ne4 30. Nxe4 dxe4 31. Rdd2 bxa4 32. Rxe4 Rb6 33. Kc1
Rcb8 34. c3 a3 35. bxa3 Rb1+ 36. Kc2 Ra1 37. d5 exd5 38. Rxd5 Rxa3 39. Kd3 Ra2
40. Rf4 Rbb2 41. Rdf5 f6 42. g4 Ke7 43. h4 h6 44. Kc4 Ra4+ 45. Kd3 Raa2 46. h5
Kd6 47. Rd4+ Kc6 48. Rc4+ Kd6 49. f3 Rb5 50. Rd4+ Kc6 51. Rff4 a5 52. Rfe4 Rf2
53. Re6+ Kc5 54. Rf4 Kd5 55. Ra6 Rbb2 56. Rf5# 1-0

[Event "2BLS 2122 TSV Schönaich - OSG Baden-Ba"]
[Site "?"]
[Date "2022.06.18"]
[Round "7.1"]
[White "Dann, Matthias"]
[Black "Krassowizkij, Jaroslaw"]
[Result "1/2-1/2"]
[WhiteElo "2465"]
[BlackElo "2431"]
[PlyCount "97"]
[EventDate "2022.??.??"]

1. e4 e5 2. Nf3 Nf6 3. Nxe5 d6 4. Nf3 Nxe4 5. Nc3 Nxc3 6. dxc3 Be7 7. Be3 Nc6
8. Qd2 Be6 9. O-O-O Qd7 10. b3 a6 11. h4 h6 12. Be2 O-O-O 13. Nd4 Nxd4 14. Bxd4
f6 15. c4 Bg4 16. f3 Bf5 17. Rhe1 Rhe8 18. h5 Bf8 19. g4 Bh7 20. Bd3 Bxd3 21.
Qxd3 d5 22. Rxe8 Qxe8 23. Qf5+ Qd7 24. Qxd7+ Rxd7 25. c5 c6 26. Kd2 Re7 27. b4
Re8 28. Rb1 Be7 29. a4 Kd7 30. Kd3 Bd8 31. c4 dxc4+ 32. Kxc4 Bc7 33. b5 axb5+
34. axb5 cxb5+ 35. Kd5 Be5 36. Bf2 Bc7 37. Bd4 Be5 38. Rxb5 Bxd4 39. Kxd4 Kc7
40. Rb3 Re5 41. f4 Re1 42. Re3 Rxe3 43. Kxe3 Kd7 44. Ke4 Ke6 45. Kd4 Ke7 46.
Kd5 Kd7 47. Ke4 Ke6 48. Kd4 Ke7 49. Kd5 1/2-1/2

[Event "2BLS 2122 TSV Schönaich - OSG Baden-Ba"]
[Site "?"]
[Date "2022.06.18"]
[Round "7.2"]
[White "Ivanisevic, Ivan"]
[Black "Breder, Dennis"]
[Result "1-0"]
[WhiteElo "2557"]
[BlackElo "2468"]
[PlyCount "61"]
[EventDate "2022.??.??"]

1. d4 d5 2. c4 e6 3. Nf3 c6 4. Nc3 dxc4 5. a4 Bb4 6. e4 b5 7. Be2 Bb7 8. O-O a6
9. e5 Ne7 10. Ne4 O-O 11. Qc2 c5 12. dxc5 Nd7 13. Neg5 g6 14. b3 c3 15. Ne4 Qc7
16. Rd1 Nd5 17. Bh6 Rfb8 18. axb5 axb5 19. Bxb5 Nxc5 20. Nd6 Bc6 21. Bxc6 Qxc6
22. Nd4 Qd7 23. g3 Qc7 24. Qe2 Nb7 25. Ne4 Be7 26. Qc4 Qxc4 27. bxc4 Nb6 28.
Nc6 Re8 29. Rxa8 Nxa8 30. Rd7 c2 31. Nxe7+ 1-0

[Event "2BLS 2122 TSV Schönaich - OSG Baden-Ba"]
[Site "?"]
[Date "2022.06.18"]
[Round "7.3"]
[White "Martin, Julian"]
[Black "Kadric, Denis"]
[Result "1-0"]
[WhiteElo "2372"]
[BlackElo "2575"]
[PlyCount "75"]
[EventDate "2022.??.??"]

1. e4 d6 2. d4 Nf6 3. Nc3 e5 4. Nge2 Nbd7 5. g3 c6 6. a4 Be7 7. Bg2 b6 8. O-O
a6 9. h3 Bb7 10. g4 h6 11. Be3 g6 12. Qd2 h5 13. g5 Nh7 14. h4 f6 15. f4 Ndf8
16. fxe5 dxe5 17. Qe1 Nd7 18. Rd1 Qc7 19. dxe5 fxg5 20. e6 Nc5 21. Bxc5 Bxc5+
22. Kh1 Qe5 23. Qd2 Qxe6 24. e5 Ke7 25. Ne4 Rad8 26. Qc3 Rxd1 27. Rxd1 Rd8 28.
Rxd8 Kxd8 29. hxg5 Be7 30. Nd4 Qg4 31. Nd6 Bxd6 32. exd6 c5 33. Nf3 Qf4 34. Qg7
Qc1+ 35. Kh2 Qf4+ 36. Kg1 Qxd6 37. Qxb7 Qd1+ 38. Bf1 1-0

[Event "2BLS 2122 TSV Schönaich - OSG Baden-Ba"]
[Site "?"]
[Date "2022.06.18"]
[Round "7.4"]
[White "Bosiocic, Marin"]
[Black "Riff, Jean-Noel"]
[Result "1-0"]
[WhiteElo "2542"]
[BlackElo "2451"]
[PlyCount "75"]
[EventDate "2022.??.??"]

1. Nf3 Nf6 2. g3 d5 3. Bg2 e6 4. O-O Be7 5. c4 O-O 6. b3 c6 7. Bb2 Nbd7 8. d3
b6 9. Nbd2 Bb7 10. e4 Rc8 11. Qe2 Qc7 12. e5 Ng4 13. cxd5 cxd5 14. h3 Nh6 15.
g4 Ba6 16. Ne1 Bb4 17. Ndf3 Qb8 18. Rd1 Kh8 19. Nc2 Bc3 20. Bxc3 Rxc3 21. Ncd4
Ng8 22. Rfe1 Ne7 23. b4 Ng6 24. Bf1 Rfc8 25. h4 h6 26. h5 Ngf8 27. g5 Qc7 28.
gxh6 gxh6 29. Qd2 Nh7 30. Qxh6 Rg8+ 31. Kh1 Ndf8 32. Qf4 Qe7 33. Rc1 Rc8 34. a3
Bb7 35. Be2 a6 36. Rxc8 Bxc8 37. Rg1 Rg5 38. Rxg5 1-0

[Event "2BLS 2122 TSV Schönaich - OSG Baden-Ba"]
[Site "?"]
[Date "2022.06.18"]
[Round "7.5"]
[White "Schmider, Niklas"]
[Black "Perunovic, Milos"]
[Result "1-0"]
[WhiteElo "2398"]
[BlackElo "2543"]
[PlyCount "87"]
[EventDate "2022.??.??"]

1. e4 c5 2. Nf3 e6 3. d4 cxd4 4. Nxd4 Nc6 5. Nc3 d6 6. Be3 a6 7. f4 Nf6 8. Qf3
e5 9. Nxc6 bxc6 10. f5 Be7 11. O-O-O h5 12. Bc4 Rb8 13. Bb3 a5 14. g3 Kf8 15.
Bf2 Ng4 16. Ba7 Rb7 17. Bg1 Nf6 18. Bf2 Ng4 19. Be1 Bg5+ 20. Kb1 Ke7 21. h3 Nf6
22. Bf2 Qc7 23. Rd3 Rb8 24. Rhd1 Ne8 25. h4 Bf6 26. R3d2 Ba6 27. Na4 Kf8 28. c4
c5 29. Nc3 Bb7 30. Ba4 Be7 31. Be3 Ba8 32. Bg5 Nf6 33. Bxf6 gxf6 34. Bb5 Kg7
35. Rg1 Rh7 36. Rdg2 Kh8 37. g4 hxg4 38. Rxg4 Qd8 39. Qg3 Qf8 40. Ne2 Bb7 41.
Qa3 Ra8 42. Qa4 Qc8 43. Bd7 Qc7 44. Be8 1-0

[Event "2BLS 2122 TSV Schönaich - OSG Baden-Ba"]
[Site "?"]
[Date "2022.06.18"]
[Round "7.6"]
[White "Koelle, Tobias"]
[Black "Schmaltz, Roland"]
[Result "0-1"]
[WhiteElo "2443"]
[BlackElo "2464"]
[PlyCount "100"]
[EventDate "2022.??.??"]

1. d4 Nf6 2. c4 e6 3. Nf3 b6 4. g3 Ba6 5. Qc2 Bb7 6. Bg2 c5 7. d5 exd5 8. cxd5
Nxd5 9. O-O Be7 10. Rd1 Nc6 11. a3 Nf6 12. e4 O-O 13. e5 Ne8 14. Nc3 Nc7 15.
Be3 Na5 16. Ne4 Ne6 17. Nd6 Bc6 18. h4 Qb8 19. b4 Bxd6 20. exd6 Qb7 21. Qe2 Nb3
22. Rab1 Nbd4 23. Bxd4 cxd4 24. Ne1 Rae8 25. Qd2 Bxg2 26. Nxg2 f5 27. Nf4 Nxf4
28. Qxf4 Re4 29. Qf3 Qc6 30. Kg2 Qxd6 31. Rd2 Qe5 32. Rbd1 d5 33. a4 g6 34. b5
h5 35. Rc1 f4 36. Rc6 Kg7 37. Rdc2 Rf7 38. Qd3 f3+ 39. Kg1 Qf5 40. Qf1 d3 41.
Rd2 Rfe7 42. Rc1 Re2 43. Rcd1 Rxd2 44. Rxd2 Re2 45. Qc1 Qe5 46. Kh2 d4 47. Kh3
Re1 48. Rd1 Rxd1 49. Qxd1 Qe6+ 50. Kh2 Qe2 0-1

[Event "2BLS 2122 TSV Schönaich - OSG Baden-Ba"]
[Site "?"]
[Date "2022.06.18"]
[Round "7.7"]
[White "Trifan, Andrei Ioan"]
[Black "Saric, Ante"]
[Result "1/2-1/2"]
[WhiteElo "2291"]
[BlackElo "2512"]
[PlyCount "40"]
[EventDate "2022.??.??"]

1. e4 e6 2. d4 d5 3. Nc3 dxe4 4. Nxe4 Nd7 5. Nf3 Ngf6 6. Bd3 c5 7. O-O Nxe4 8.
Bxe4 Nf6 9. Bd3 cxd4 10. Nxd4 Be7 11. Re1 O-O 12. c3 Bd7 13. Qf3 Bc6 14. Qh3
Qd5 15. Bf4 Qh5 16. Qxh5 Nxh5 17. Nxc6 bxc6 18. Be3 Nf6 19. Rad1 Nd5 20. Bc1
Bf6 1/2-1/2

[Event "2BLS 2122 TSV Schönaich - OSG Baden-Ba"]
[Site "?"]
[Date "2022.06.18"]
[Round "7.8"]
[White "Brunner, Jan"]
[Black "Doll, Rebecca"]
[Result "1-0"]
[WhiteElo "2178"]
[BlackElo "1941"]
[PlyCount "77"]
[EventDate "2022.??.??"]

1. d4 d5 2. c4 e6 3. Nf3 Nf6 4. g3 Bb4+ 5. Bd2 Be7 6. Bg2 c6 7. Qc2 Nbd7 8. O-O
b6 9. Bg5 Bb7 10. Nbd2 c5 11. dxc5 bxc5 12. cxd5 exd5 13. Rfd1 O-O 14. Nb3 Rc8
15. Nh4 h6 16. Bd2 Re8 17. Nf5 Bf8 18. Ba5 Nb6 19. Rac1 Qd7 20. e3 Qa4 21. Be1
Ne4 22. Nd2 Ng5 23. h3 g6 24. Nh4 Bg7 25. b3 Qd7 26. Kh2 Qe7 27. f4 Nh7 28. Bf2
Nf6 29. a4 a5 30. Qd3 Qd7 31. Nhf3 Qd8 32. Qb5 Nfd7 33. Nb1 Ra8 34. Qd3 Qe7 35.
Nc3 Bxc3 36. Qxc3 Rec8 37. Nd2 Nf6 38. g4 Qe8 39. Qxf6 1-0

[Event "2BLS 2122 SC Eppingen - SV 1947 Walldor"]
[Site "?"]
[Date "2022.06.19"]
[Round "8.1"]
[White "Aczel, Gergely"]
[Black "Acs, Peter"]
[Result "1/2-1/2"]
[WhiteElo "2516"]
[BlackElo "2574"]
[PlyCount "62"]
[EventDate "2022.??.??"]

1. d4 Nf6 2. c4 g6 3. f3 Bg7 4. e4 d6 5. Nc3 O-O 6. Be3 c5 7. Nge2 Nc6 8. d5
Ne5 9. Ng3 e6 10. Be2 exd5 11. cxd5 a6 12. a4 Rb8 13. O-O h5 14. h3 Re8 15. Qd2
Ned7 16. Bg5 Qa5 17. Rfc1 Nh7 18. Bf4 Ne5 19. Nf1 Qd8 20. Kh1 g5 21. Bg3 Ng6
22. Rab1 g4 23. hxg4 hxg4 24. b4 c4 25. b5 a5 26. Bxc4 Ng5 27. Nh2 gxf3 28.
gxf3 Qf6 29. Be2 Bh6 30. Bf1 Qg7 31. Qe1 Bh3 1/2-1/2

[Event "2BLS 2122 SC Eppingen - SV 1947 Walldor"]
[Site "?"]
[Date "2022.06.19"]
[Round "8.2"]
[White "Noe, Christopher"]
[Black "Gschnitzer, Adrian"]
[Result "1/2-1/2"]
[WhiteElo "2513"]
[BlackElo "2439"]
[PlyCount "83"]
[EventDate "2022.??.??"]

1. d4 d5 2. c4 e6 3. Nc3 Nf6 4. Nf3 c6 5. cxd5 exd5 6. Bf4 Bd6 7. Bg3 Bf5 8. e3
O-O 9. Bd3 Bxd3 10. Qxd3 Na6 11. Ne5 Rc8 12. Bh4 Be7 13. O-O Nd7 14. Bg3 Nxe5
15. Bxe5 Qd7 16. a3 Nc7 17. Bxc7 Rxc7 18. Rac1 Bd6 19. Na4 f5 20. g3 Qe8 21. b4
Re7 22. b5 g5 23. bxc6 bxc6 24. Qa6 Rxe3 25. Rxc6 Rxa3 26. Qb5 Kh8 27. Qxd5
Bxg3 28. hxg3 Rxa4 29. Rc7 Ra6 30. Rfc1 Re6 31. Kg2 f4 32. Qxg5 Rg6 33. Qh4
Qe4+ 34. Kg1 h6 35. Rc8 Qf5 36. Rxf8+ Qxf8 37. Qh5 fxg3 38. Qe5+ Rg7 39. fxg3
Qf3 40. Kh2 Kh7 41. d5 h5 42. Rc7 1/2-1/2

[Event "2BLS 2122 SC Eppingen - SV 1947 Walldor"]
[Site "?"]
[Date "2022.06.19"]
[Round "8.3"]
[White "Muckle, Julius"]
[Black "Juhasz, Armin"]
[Result "1/2-1/2"]
[WhiteElo "2380"]
[BlackElo "2391"]
[PlyCount "65"]
[EventDate "2022.??.??"]

1. d4 d5 2. c4 dxc4 3. Nf3 a6 4. e3 b5 5. a4 Bb7 6. b3 e6 7. axb5 axb5 8. Rxa8
Bxa8 9. bxc4 bxc4 10. Bxc4 Nf6 11. O-O Be7 12. Nc3 O-O 13. Qe2 c5 14. Rd1 cxd4
15. Nxd4 Qa5 16. Bd2 Bb4 17. Ncb5 Bxd2 18. Rxd2 Nc6 19. Ra2 Nxd4 20. Rxa5 Nxe2+
21. Bxe2 Bc6 22. Nd4 Bd5 23. f3 Ra8 24. Rc5 Rd8 25. e4 Bb7 26. Nb3 Rc8 27. Kf2
Rxc5 28. Nxc5 Bc6 29. Ke3 Kf8 30. Kd4 Ke7 31. Bd3 Nd7 32. e5 h6 33. Nxd7
1/2-1/2

[Event "2BLS 2122 SC Eppingen - SV 1947 Walldor"]
[Site "?"]
[Date "2022.06.19"]
[Round "8.4"]
[White "Hacker, Jonas"]
[Black "Faerber, David"]
[Result "1-0"]
[WhiteElo "2469"]
[BlackElo "2353"]
[PlyCount "125"]
[EventDate "2022.??.??"]

1. c4 Nf6 2. Nf3 g6 3. d4 Bg7 4. g3 O-O 5. Bg2 d6 6. Nc3 c5 7. O-O Nc6 8. dxc5
dxc5 9. Bf4 Nh5 10. Be3 b6 11. Qc1 Bb7 12. Rd1 Qc8 13. Bh6 Rd8 14. Nd5 e6 15.
Bxg7 Kxg7 16. g4 exd5 17. gxh5 Ne7 18. cxd5 Rxd5 19. Rxd5 Bxd5 20. Qc3+ Kg8 21.
Rd1 Qf8 22. hxg6 hxg6 23. Ne5 Bxg2 24. Nd7 Qg7 25. Nf6+ Kh8 26. Kxg2 Ng8 27.
Qf3 Rf8 28. Qh3+ Qh6 29. Qxh6+ Nxh6 30. Rd7 Kg7 31. Nd5 Ra8 32. Rb7 Kf8 33. e4
Ng4 34. Nc7 Rd8 35. Nd5 Ra8 36. f4 Re8 37. h3 Nh6 38. Kf3 f5 39. e5 Ng8 40.
Rxa7 Rd8 41. Nxb6 Rd3+ 42. Ke2 Rxh3 43. Nd7+ Ke8 44. e6 Rh2+ 45. Kd3 Rxb2 46.
Ra8+ Ke7 47. Rxg8 Kxe6 48. Nxc5+ Kd6 49. Nb3 Rg2 50. a4 Kd5 51. Rd8+ Kc6 52.
Nd4+ Kb6 53. Ne6 Rg1 54. Ke2 Kc6 55. Kf2 Ra1 56. Rd4 Ra3 57. Kg2 Ra1 58. Ng5
Kc5 59. Nf3 Ra3 60. Kg3 Rxf3+ 61. Kxf3 Kxd4 62. a5 Kc5 63. Kg3 1-0

[Event "2BLS 2122 SC Eppingen - SV 1947 Walldor"]
[Site "?"]
[Date "2022.06.19"]
[Round "8.5"]
[White "Gschnitzer, Oswald"]
[Black "Cofmann, Veaceslav"]
[Result "1/2-1/2"]
[WhiteElo "2354"]
[BlackElo "2330"]
[PlyCount "95"]
[EventDate "2022.??.??"]

1. Nf3 c5 2. c4 Nc6 3. Nc3 e5 4. g3 g6 5. Bg2 Bg7 6. O-O Nge7 7. a3 a5 8. Ne1
d6 9. Nc2 Be6 10. Ne3 Rb8 11. d3 Qd7 12. Ned5 Bxd5 13. Nxd5 Nxd5 14. Bxd5 Ne7
15. Bg2 b5 16. cxb5 Qxb5 17. a4 Qb6 18. Bd2 Nc6 19. Bxc6+ Qxc6 20. Bc3 O-O 21.
Qc2 Qb6 22. Rab1 d5 23. b3 f5 24. Rfc1 f4 25. Be1 Rbc8 26. Qd2 Ra8 27. f3 e4
28. dxe4 Bd4+ 29. Bf2 dxe4 30. gxf4 Rad8 31. e3 Bf6 32. Qe2 exf3 33. Qxf3 Rd3
34. Rd1 Rxd1+ 35. Qxd1 Qe6 36. Rc1 Rd8 37. Qe2 Qxb3 38. Qc4+ Qxc4 39. Rxc4 Be7
40. Kg2 Rd1 41. e4 Ra1 42. Kf3 Ra3+ 43. Be3 Kf7 44. Ke2 Ra2+ 45. Bd2 Ke6 46.
Kd3 Bd8 47. h3 Bb6 48. f5+ 1/2-1/2

[Event "2BLS 2122 SC Eppingen - SV 1947 Walldor"]
[Site "?"]
[Date "2022.06.19"]
[Round "8.6"]
[White "Mann, Christian"]
[Black "Tompa, Janos"]
[Result "1/2-1/2"]
[WhiteElo "2395"]
[BlackElo "2323"]
[PlyCount "69"]
[EventDate "2022.??.??"]

1. c4 e5 2. g3 Nf6 3. Bg2 d5 4. cxd5 Nxd5 5. d3 Be7 6. Nf3 Nc6 7. O-O O-O 8.
Nbd2 Re8 9. a3 Bf8 10. Nc4 Nb6 11. b3 f6 12. Bb2 Be6 13. Qc2 Qd7 14. Rfd1 Qf7
15. Rac1 a5 16. Qb1 Rad8 17. Nfd2 Bd5 18. Nxb6 Bxg2 19. Kxg2 cxb6 20. Rc2 b5
21. a4 Qd5+ 22. Kg1 Bb4 23. axb5 Qxb5 24. Nf3 Qd5 25. Bc3 Bxc3 26. Rxc3 Nd4 27.
Nxd4 exd4 28. Rc2 Rd6 29. Qa2 Rde6 30. b4 Qxa2 31. Rxa2 Rxe2 32. Rxe2 Rxe2 33.
bxa5 Ra2 34. Rb1 Rxa5 35. Rb4 1/2-1/2

[Event "2BLS 2122 SC Eppingen - SV 1947 Walldor"]
[Site "?"]
[Date "2022.06.19"]
[Round "8.7"]
[White "Fichter, Fabian"]
[Black "Dekan, Hans"]
[Result "1-0"]
[WhiteElo "2248"]
[BlackElo "2125"]
[PlyCount "71"]
[EventDate "2022.??.??"]

1. e4 c5 2. Nf3 Nc6 3. Bb5 g6 4. Bxc6 dxc6 5. d3 Bg7 6. h3 Nf6 7. Nc3 O-O 8.
Be3 b6 9. a4 a5 10. Qd2 Nd7 11. O-O Ne5 12. Nh2 f6 13. f4 Nf7 14. g4 Qc7 15.
Kg2 Bd7 16. Ne2 Rad8 17. Ng3 Bc8 18. Qf2 Bd7 19. Nf3 Rb8 20. Rad1 Qc8 21. Rh1
Qc7 22. b3 Bh6 23. Nd2 e5 24. f5 Bxe3 25. Qxe3 Qd6 26. Nf3 b5 27. Ra1 c4 28.
dxc4 bxc4 29. Rhd1 Qe7 30. Nd2 cxb3 31. Nxb3 Rb4 32. Qa7 Rd8 33. Qxa5 Rc4 34.
Rd2 Be8 35. Rxd8 Rxc2+ 36. Rd2 1-0

[Event "2BLS 2122 SC Eppingen - SV 1947 Walldor"]
[Site "?"]
[Date "2022.06.19"]
[Round "8.8"]
[White "Reimold, Jonas"]
[Black "Hauser, Carlos"]
[Result "1/2-1/2"]
[WhiteElo "2044"]
[BlackElo "2249"]
[PlyCount "41"]
[EventDate "2022.??.??"]

1. e4 c5 2. c3 Nf6 3. e5 Nd5 4. g3 d6 5. exd6 e6 6. Bg2 Bxd6 7. Nf3 O-O 8. O-O
Nc6 9. d4 cxd4 10. Nxd4 Nxd4 11. Qxd4 Qc7 12. Qg4 b6 13. c4 Nf6 14. Qe2 Bb7 15.
Bxb7 Qxb7 16. Nc3 Bb4 17. Bd2 Rfd8 18. Rac1 Rd7 19. Rfe1 Rad8 20. Bg5 Be7 21.
Rcd1 1/2-1/2